000 00345nam a22001571a 4500
020 _a9788124007099
082 _aM3
_bMAN/S
100 _aManoj
245 _aSathyavageeswaran/
_cby Manoj
260 _c1999.
_a
_b
300 _a216p.
650 _aNovel Malayalam
650 _aLiterature Malayalam
650 _aLiterature
942 _cBK
999 _c40826
_d40826